000 00639nam a2200241Ia 4500
003 OSt
005 20220918213237.0
006 a|||||r|||| 00| 0
007 ta
008 220917b |||||||| |||| 00| 0 eng d
024 _a131,884
037 _cTextual
040 _aARTS
_cARTS
_beng
041 _2eng
_aeng
082 _aX:8, M0
100 _aRudrabasavaraj M N
_9126198
245 0 _aHuman factors in management
_b organizational behaviour
260 _aBombay
_bHimalaya
_c1980
300 _a231p.
_ccm.
650 _aECONOMICS
942 _hX:8, M0
_cTEXL
_2CC
999 _c255006
_d255006